000 00709nam a22002297a 4500
003 OSt
005 20260601193903.0
008 260508b2010 it ||||| |||| 00| 0 ita d
040 _aICI
_bspa
_cICI
_erda
041 _aita
050 _aTS2250
_b.E45 2010
245 1 _aElica aria nuova.
260 _aItalia :
_bElica,
_c2010.
300 _a80 páginas :
_bilustraciones a color ;
_c30 cm.
500 _aRegistro catalográfico provisional elaborado con información incompleta.
650 _aDiseño industrial.
650 _aElectrodomésticos
_xDiseño.
_934146
650 _aCocinas
_xEquipamiento.
_934147
650 _aCampanas extractoras.
_934148
650 _aDiseño italiano.
942 _2lcc
_cB
_n1
999 _c22303
_d22303